000 00333nam a22001457a 4500
008 230926b ||||| |||| 00| 0 eng d
020 _a0471900362
041 _aeng
080 _a316
082 _a316MIL
100 _a24
101 _aSOCIOLO
245 _aA DICTIONARY OF SOCIAL SCIENCE METHODS
_cMILLER.M .P
942 _2udc
_cBK
999 _c60402
_d60402